Captains of UEFA Champions League Winners - Statistics

General Stats
  • This quiz has been taken 53 times
  • The average score is 18 of 27
Answer Stats
Years Won Team Nationality Captain % Correct
2018/19 Liverpool England Jordan Henderson
91%
2014/15 Barcelona Spain Xavi
91%
2019/20 Bayern Munich Germany Manuel Neuer
89%
2015/16, 2016/17, 2017/18 Real Madrid Spain Sergio Ramos
89%
2004/05 Liverpool England Steven Gerrard
89%
2005/06, 2008/09, 2010/11 Barcelona Spain Carles Puyol
87%
2022/23 Manchester City Germany Ilkay Gundogan
87%
2024/25 Paris Saint-Germain Brazil Marquinhos
87%
2002/03, 2006/07 Milan Italy Paolo Maldini
87%
2012/13 Bayern Munich Germany Philipp Lahm
87%
2011/12 Chelsea England John Terry
84%
2013/14 Real Madrid Spain Iker Casillas
82%
2020/21 Chelsea Spain Cesar Azpilicueta
80%
2009/10 Inter Argentina Javier Zanetti
80%
1998/99 Manchester United Ireland Roy Keane
76%
2021/22 Real Madrid Brazil Marcelo
71%
2001/02 Real Madrid Spain Fernando Hierro
67%
2007/08 Manchester United England Gary Neville
62%
2023/24 Real Madrid Spain Nacho
58%
1993/94 Milan Italy Franco Baresi
56%
1992/93 Marseille France Didier Deschamps
53%
2000/01 Bayern Munich Germany Stefan Effenberg
27%
2003/04 Porto Portugal Jorge Costa
24%
1997/98, 1999/00 Real Madrid Spain Manuel Sanchis
24%
1994/95 Ajax Netherlands Danny Blind
20%
1995/96 Juventus Italy Gianluca Vialli
20%
1996/97 Borussia Dortmund Germany Michael Zorc
16%
No matching quizzes found
Score Distribution
Percent of People with Each Score
Percentile by Number Answered
Your Score History
You have not taken this quiz